| 000 | 01792nam a2200217 a 4500 | ||
|---|---|---|---|
| 001 | 000037985 | ||
| 005 | 20201002031139.0 | ||
| 008 | 090609s2000 dr 000 0 spa d | ||
| 040 |
_aDO-SdBNP _bspa _cBNPHU |
||
| 082 |
_a344.0121 _bR426t |
||
| 110 | 1 |
_aRepública Dominicana. _bSecretaría de Estado de Trabajo _9491 |
|
| 245 | 1 | 0 |
_aTarifas de salarios mínimos nacionales aprobadas por el Comité Nacional de Salarios / _cprólogo Altagracia Español Yaport. |
| 260 |
_aSanto Domingo : _bSecretaría de Estado de Trabajo, _c2000. |
||
| 300 |
_a149 p. ; _c21cm. |
||
| 500 | _aIncluye referencias bibliográficas y notas al pie de las páginas | ||
| 505 | 0 |
_a1. Prólogo -- _t2. Resolución no. 4-94 de fecha 15/8/94 -- _t3. Resolución no. 3-98 de fecha 22/5 /98 -- _t4. Resolución no. 3- 99 de fecha 3/5/99-- _t5. Resolución no. 5-99 de fecha 26/5/99 -- _t6. Resolución no. 7-99 de fecha 9/6/99 -- _t7. Resolución no. 8-99 de fecha 9/16/99 -- _t8. Resolución no. 2-2000 de fecha 3/4 /2000-- _t9. Resolución no. 3-2000 de fecha 8/11/2000 -- _t10. Resolución no. 4-2000 de fecha 29/11/2000 -- _t11. Resolución no. 2-2001 de fecha 13/2/2001 -- _t12. Resolución no. 3-2001 de fecha 23/2/2001-- _t13. Resolución no. 4-2001 de fecha 8/3/2001 -- _t14. Resolución no. 5-2001 de fecha 8/3/2001-- _t15. Resolución no. 5-2001 de fecha 15/3/2001 -- _t16. Resolución no. 7-2001 de fecha 31/5/2001 -- _t17. Resolución no. 9-2001 de fecha 17/10/2001 -- _t18. Resolución no. 1-2001 de fecha29/01/2002 -- _t19. Resumen de las leyes y resoluciones que fijan los salarios mínimos nacionales -- |
|
| 650 | 4 |
_aSalarios _xLegislación _zRepública Dominicana _93215 |
|
| 650 | 4 |
_aSalario mínimo _xLegislación _zRepública Dominicana _93216 |
|
| 700 | 1 |
_aEspañol Yaport, Altagracia _epról. _964395 |
|
| 049 | _aBNPD | ||
| 999 |
_c37475 _d37475 |
||